Culture Générale : Géographie Nº2 - Statistiques

Statistiques générales
  • Ce quiz a été pris 312 fois
  • Le résultat moyen est 8 sur 15
Statistiques - réponses
Questionp Réponse % Correct
Quelle est la ville la plus peuplée d'Australie ? Sydney
89%
Île des Baléares célèbre pour sa vie nocturne animée. Ibiza
82%
Chaîne de montagnes dans laquelle se trouve le Mont Everest. Himalaya
79%
Dans quel pays européen vous trouvez-vous si vous visitez l'Atomium ? Belgique
78%
À quel pays appartiennent les Îles Féroé ? Danemark
69%
Mer située à l'ouest de l'Arabie Saoudite. Mer Rouge
61%
Pays africain dont le drapeau ressemble fortement à celui de la Roumanie. Tchad
55%
Chutes d'eau mondialement connues se trouvant au Canada. Chutes du Niagara
51%
Quel fleuve traverse Rome ? Le Tibre
50%
Capitale de l'État américain du Texas. Austin
48%
Récif situé près des côtes australiennes. Grande Barrière de Corail
40%
Quelle est la capitale du Cap-Vert ? Praia
37%
Ancien nom de la ville de Tokyo. Edo
36%
Golfe se situant près de la France,sur la Côte Atlantique. Golfe de Gascogne
30%
Comment appelle-t-on les habitants de Buenos Aires ? Les Portègnes
3%
Aucun quiz correspondant
Distribution des résultats
% des personnes avec chaque résultat
Percentile par nombre de réponses
Votre historique - résultats
Vous n’avez pas pris ce quiz